|
|
|
|
| LEADER |
00000nam a2200000 a 4500 |
| 001 |
vtls008938518 |
| 003 |
SK-MaSNL |
| 005 |
20260301080801.0 |
| 008 |
251031s2001 no o f 000 0 nor |
| 020 |
|
|
|a 8251204437
|q (viaz.)
|
| 040 |
|
|
|a SNK
|b slo
|c SNK
|e AACR2
|
| 041 |
1 |
|
|a nor
|h eng
|
| 044 |
|
|
|a no
|c NO
|
| 072 |
|
7 |
|a 74
|x Kresba. Umelecké remeslá
|2 konspekt
|
| 080 |
|
|
|a 746.3
|2 2001
|
| 080 |
|
|
|a 746.34
|2 2001
|
| 080 |
|
|
|a (035)
|2 2001
|
| 100 |
1 |
|
|a Jones, Julia
|4 aut
|9 403004
|
| 240 |
1 |
0 |
|a Easy to make - cross stitch pictures
|l Nórsky
|
| 245 |
1 |
0 |
|a Korsstingbilder
|c Julia Jones, Barbara Deer ; oversatt av Eirin Pedersen ; [fotografier Steve Tanner ; illustrasjoner Kate Simunek]
|
| 250 |
|
|
|a 3. opplag
|
| 260 |
|
|
|a Oslo
|b Teknologisk Forlag
|c 2001
|e [Martin]
|f Neografia
|
| 300 |
|
|
|a 112 s.
|b fotogr., ilustr.
|c 24 cm
|
| 490 |
1 |
|
|a Lett a lage
|
| 650 |
0 |
7 |
|a krížikové vyšívanie
|2 SNKPH
|9 3101
|
| 650 |
0 |
7 |
|a vzory (motívy)
|2 SNKPH
|9 67231
|
| 650 |
0 |
7 |
|a Cross-stitch embroidery
|2 SNKPHeng
|9 403005
|
| 650 |
0 |
7 |
|a Patterns (design elements)
|2 SNKPHeng
|9 318530
|
| 655 |
|
7 |
|a príručky
|2 SNKPH
|9 74364
|
| 655 |
|
7 |
|a Handbooks, manuals, etc.
|2 SNKPHeng
|9 90964
|
| 700 |
1 |
|
|a Deer, Barbara
|4 aut
|9 403006
|
| 700 |
1 |
|
|a Pedersen, Eirin
|4 trl
|9 403007
|
| 700 |
1 |
|
|a Tanner, Steve
|4 pht
|9 403008
|
| 700 |
1 |
|
|a Simunek, Kate
|4 ill
|9 403009
|
| 830 |
|
0 |
|a Lett a lage
|9 403010
|
| 919 |
|
|
|a 82-512-0443-7
|
| 958 |
|
|
|a OND
|
| 999 |
|
|
|c 654091
|d 656021
|
| 952 |
|
|
|a SNK
|b SNK
|y PREZ
|7 0
|p 17A0538190
|o snkSC 126405
|i snk2007/2160
|8 1
|0 0
|1 0
|4 0
|d 2007-01-24
|l 0
|r 2025-06-11 00:00:00
|w 2026-02-23
|